LIBRARY & INFORMATION CENTRE, KCAET, TAVANUR

ONLINE PUBLIC ACCESS CATALOGUE (OPAC)

Truck and tractor guide handbook / (Record no. 6779)

MARC details
000 -LEADER
fixed length control field 00470cam a2200181ua 4500
041 ## - LANGUAGE CODE
Language code of text/sound track or separate title eng
082 ## - DEWEY DECIMAL CLASSIFICATION NUMBER
Classification number 028.71631
Item number GRA/TR
100 ## - MAIN ENTRY--AUTHOR NAME
Personal name Graham, Frank D.
245 ## - TITLE STATEMENT
Title Truck and tractor guide handbook /
260 ## - PUBLICATION, DISTRIBUTION, ETC. (IMPRINT)
Place of publication Mumbai :
Name of publisher D B Taraporevala sons & Co. Pvt. Ltd. ,
Year of publication 1977.
300 ## - PHYSICAL DESCRIPTION
Number of Pages 908 ; .
942 ## - ADDED ENTRY ELEMENTS (KOHA)
Koha item type Books
Holdings
Withdrawn status Lost status Damaged status Home library Current library Date acquired Full call number Accession Number Koha item type
Withdrawn     KAUAET KAUAET 20/08/1986 028.71631 15456 Reference
      KAUAET KAUAET 09/03/1987 028.71631 16030 Reference
free website counter